Roľ universiteta v formirovanii peretoka znanij

Úloha univerzity v procese transferu vedomostí. Spolupráca univerzít s podnikateľskými subjektami. Vytváranie vedeckých parkov. Vedecký park Rádioelektronika a informatika na Ukrajine. Plán založenia ôsmich vedeckých parkov na Slovensku.

Guardado en:
Detalles Bibliográficos
Autor principal: Gonda, Vladimír
Otros Autores: Nestorenko, T. P.
Formato: Capítulo de libro
Lenguaje:ruso
Materias:
Etiquetas: Agregar Etiqueta
Sin Etiquetas, Sea el primero en etiquetar este registro!

MARC

LEADER 00000naa$a2200000$$$4500
001 0206915
005 20240502083517.5
041 0 |a rus 
044 |a RU 
245 1 0 |a Roľ universiteta v formirovanii peretoka znanij  |c Vladimír Gonda, T. P. Nestorenko 
520 |a Úloha univerzity v procese transferu vedomostí. Spolupráca univerzít s podnikateľskými subjektami. Vytváranie vedeckých parkov. Vedecký park Rádioelektronika a informatika na Ukrajine. Plán založenia ôsmich vedeckých parkov na Slovensku. 
610 2 0 |a univerzity 
610 2 0 |a firmy 
610 2 0 |a kooperácia 
610 2 0 |a vzdelávanie vysokoškolské 
610 2 0 |a vedomosti 
610 2 0 |a financovanie 
610 2 0 |a rozvoj regionálny 
100 1 |a Gonda, Vladimír 
700 1 |a Nestorenko, T. P.